Возвращение к началу: лирическая повесть и роман

Detalles Bibliográficos
Autor principal: Солоухин В. А. Владимир Алексеевич
Lenguaje:ruso
Publicado: Москва, Современник, 1990
Materias:
Formato: Libro
KOHA link:https://koha.lib.tpu.ru/cgi-bin/koha/opac-detail.pl?biblionumber=149864

MARC

LEADER 00000nam0a2200000 4500
001 149864
005 20231101221442.0
010 |a 5270009986 
035 |a (RuTPU)RU\TPU\book\162474 
090 |a 149864 
100 |a 20081223d1990 m y0rusy50 ca 
101 0 |a rus 
102 |a RU 
105 |a y z 000ay 
200 1 |a Возвращение к началу  |e лирическая повесть и роман  |f В. А. Солоухин 
210 |a Москва  |c Современник  |d 1990 
215 |a 478 с. 
610 1 |a советская литература 
610 1 |a романы 
610 1 |a повести 
675 |a Р2  |v 3 
700 1 |a Солоухин  |b В. А.  |c русский писатель  |f 1924-1997  |g Владимир Алексеевич  |2 stltpush  |3 (RuTPU)RU\TPU\pers\14878  |9 5031 
801 1 |a RU  |b 63413507  |c 20081223  |g PSBO 
942 |c BK